00345nam a22001217a 450000500170000002000230001703500230004003700130006310000190007624500660009526000400016130000220020120180730102015.0 a817487416Xc650.00 aB-220719, B-220718 aDPLbENG aSingh, Nishant aChild Psychology : Growth and development /cby Nishant Singh aNew DelhibRadha Publicationsc2005 av, 316p.c20 cms.